| 000 | 00975nas a2200229 i 4500 | ||
|---|---|---|---|
| 001 | 182872 | ||
| 003 | ES-MaACL | ||
| 005 | 20250901203245.0 | ||
| 008 | 131121d19151935sp a| | |spa d | ||
| 022 | _a0211-5069 | ||
| 080 | _a334.788.2(460.27 M.)(060.55) | ||
| 110 | 2 |
_aCámara Oficial de Comercio de Madrid _92374 |
|
| 245 | 1 | 0 | _aMemoria de los trabajos de la Cámara Oficial de Comercio de la provincia de Madrid. |
| 260 |
_aMadrid : _bCámara Oficial de Comercio de Madrid, _c[1915-1935] |
||
| 300 |
_a8 v. ; _c24 cm. |
||
| 362 | 0 | _aComenzó en 1912?; cesó en 1967? | |
| 580 | _aFundida con: Memoria de actuación - Cámara Oficial de la Industria de Madrid = ISSN 1137-6708; para formar: Memoria de actuación... - Cámara Oficial de Comercio e Industria de Madrid = ISSN 1137-6732. | ||
| 610 | 2 | 4 |
_aCámara Oficial de Comercio de Madrid- _vMemorias. _9153862 |
| 852 | 4 |
_aES-MaACL _jC-13226-33 |
|
| 866 | 0 | _o1915-1918, 1932-1935. | |
| 999 |
_c182872 _d182872 |
||